Tâm lý học quản trị và kinh doanh

Gorde:
Xehetasun bibliografikoak
Egile nagusia: Thái, Trí Dũng
Formatua: Liburua
Hizkuntza:Undetermined
Argitaratua: Hà Nội Thống Kê 1994
Gaiak:
Etiketak: Etiketa erantsi
Etiketarik gabe, Izan zaitez lehena erregistro honi etiketa jartzen!
Thư viện lưu trữ: Trung tâm Học liệu Trường Đại học Cần Thơ
LEADER 00537nam a2200181Ia 4500
001 CTU_23902
008 210402s9999 xx 000 0 und d
082 |a 158.1 
082 |b D513 
100 |a Thái, Trí Dũng 
245 0 |a Tâm lý học quản trị và kinh doanh 
245 0 |c Thái Trí Dũng 
260 |a Hà Nội 
260 |b Thống Kê 
260 |c 1994 
650 |a Communication in management,Psychology, applied 
904 |i Bạch Trúc 
980 |a Trung tâm Học liệu Trường Đại học Cần Thơ